[Event "Olympiad-41"]
[Site "Tromsoe"]
[Date "2014.08.04"]
[Round "3.1"]
[White "Topalov, Veselin"]
[Black "Vallejo Pons, Francisco"]
[Result "1-0"]
[WhiteElo "2772"]
[BlackElo "2698"]
[Annotator "Marin,M"]
[PlyCount "85"]
[EventDate "2014.08.02"]
[EventType "team-swiss"]
[EventRounds "11"]
[EventCountry "NOR"]
[SourceTitle "CBM 162"]
[Source "ChessBase"]
[SourceDate "2014.09.17"]
[SourceVersion "1"]
[SourceVersionDate "2014.09.17"]
[SourceQuality "1"]
[WhiteTeam "Bulgaria"]
[BlackTeam "Spain"]
[WhiteTeamCountry "BUL"]
[BlackTeamCountry "ESP"]

{It may seem strange that in my day by day comments for chessbase.com I have
put the Leningrad Dutch into the same category as the Berlin and the Petroff
defences. The Dutch is highly non-symmetrical and has been traditionally
considered a good weapon to play for a win by asccepting high positional risks.
However, over the past years White has systematically failed to prove an
advantage in the main lines with g2-g3, so players like Kramnik and Aronian
have started experimenting with rare and unexplored systems of developing.
Besides, the description "wall" surely applies to the structure Black is
aiming for, maybe to a higher extent than in the aforementioned openings. On
basis of all these considerations, I hope you will welcome the Leningrad Dutch
into the group of wall-defences.} 1. d4 f5 2. c4 Nf6 3. Nc3 {Topalov also
deviates from the main lines.} e6 $5 {Not really switching to another system.
The positional threat of ...Bb4 as well as the possibility to switch to the
Stonewall later induces the next move after which Black will be ready to
continue his Leningrad style development.} 4. a3 (4. e3 {is surely playable,
but Topalov wanted his bishop to go to f4.} Bb4 (4... d5 5. Bd3 c6 6. Qc2 Bd6
7. f3 O-O 8. Nge2 Qc7 9. cxd5 $1 {Kortschnoj,V (2625)-Nikolic,P (2635)
Sarajevo 1998 CBM 066 [Tyomkin,D] (1-0, 49)}) 5. Nge2 O-O 6. a3 Be7 7. g3 d5 {
1/2-1/2 (27) Morovic Fernandez,I (2551)-Rodriguez Vila,A (2479) Santos 2003
CBM 095 [Roiz,M]}) ({As for} 4. Bf4 {it seems that it allows} Bb4 {in optimal
form, since the consolidating Nge2 is not available yet.} 5. Rc1 b6 6. Nf3 Bb7
7. e3 O-O 8. Be2 Ne4 $132 9. h4 $5 d6 10. Ng5 Bxc3+ 11. bxc3 Nxg5 (11... Qe7 $5
) 12. Bxg5 (12. hxg5 $5 Bxg2 13. Rh2 $44 {White has all kind of positional
threats such as d4-d5, c4-c5 or doubling along the h-file. The bishop has to
retreat to either e4 or c6, which are both vulnerable squares, since} Bb7 $2
14. Bf3 $1 $16 {would speed up White's queen's transfer to h3 or h5.}) 12...
Qe8 13. Bh5 Qd7 14. d5 Na6 $15 {Ipatov,A (2454)-Narciso Dublan,M (2553)
Badalona 2009 (0-1, 34)}) 4... g6 {At GM level a novelty. It had been played
in a few games between low rated players.} (4... d5 {does not seem entirely
logical, as White has not obstructed his c1-bishop yet.} 5. Bg5 c6 6. e3 $14 {
Mihailovs,J (2405)-Moskalenko,V (2565) Barcelona 2010 (1/2-1/2, 34)}) 5. Bf4
$146 {Reminiscent of Aronian-Van Wely, Wijk aan Zee 2014.} Bg7 6. e3 O-O 7. Nf3
d6 8. Be2 {I would rate that the first opening duel has yielded Black some
success. At the moment, the move ...e7-e6 is more useful than a2-a3. It
prevents a central blockade based on d4-d5 and allows the queen's development
to e7.} h6 {The plan introduced by this move loses time and results in the
weakening of the light squares.} ({I would prefer} 8... Nc6 9. Qc2 Qe7 {
, preparing either ...e6-e5 or ...Nd8-f7.}) ({Or if Black wanted to develop
his queen's bishop to b7, he should have done it without weakening the f5-pawn
anyway:} 8... b6 9. O-O Bb7) 9. h3 g5 $2 {The illusion of playing against the
f4-bishop proves too strong.} ({In principle, ...h7-h6 may be useful by
preventing Nf3-g5, so it was not late for Black to switch back to a better
plan:} 9... Nbd7 10. Qc2 b6) 10. Bh2 Nbd7 ({The same plan as above does not
work out so well now:} 10... Qe7 11. Qc2 Nc6 12. d5 Nd8 13. Bd3 {and f5 is
hard to defend.}) 11. Qc2 b6 12. Rd1 Kh8 13. b4 Bb7 14. d5 $1 {After the
bishop has emerged on b7, this is just natural. For the time being, Black has
indirect ways of defending the f5-pawn, but these are only temporary solutions
while the core of the problem will persist.} e5 $5 15. Nd2 (15. Qxf5 $6 {
does not work out well due to:} Nxd5 16. Qc2 Nxc3 17. Qxc3 e4 18. Nd4 c5) 15...
c6 $6 {There was no need to weaken the d6-pawn so soon. True, the bishop is
temporarily passive on b7, but could be recycled with a later ...Bb7-c8.} ({
The neutral} 15... a5 {is an important alternative.}) ({I would mainly consider
} 15... f4 {, removing the problems with the hanging pawn and giving the
h2-bishop a hard time. The computer is quite sceptical about my idea, but
engines tend to underestimate the importance of cutting such bishops off-play.
I would surely not castle in this position despite Houdini's optimism. Most
likely, White would have to switch to King's Indian play with} 16. e4 Qe7 17.
f3 h5 18. Bg1 Bh6 19. Bf2 Kg7 20. Nb3 $16 {White's queenside attack is more
realistic than Black's kingside counterplay, which would mainly weaken his own
king.}) 16. dxc6 Bxc6 17. O-O Rc8 ({Due to the weaknesses along the d-file, it
is too late for} 17... f4 18. Nde4 {already.}) 18. Qxf5 $1 {Just like in the
game Leko-Wang, White destroys the wall with a positional queen sacrifice.} Ne4
19. Qxf8+ $1 Bxf8 20. Ndxe4 Qc7 21. Rd2 Kg7 22. Rfd1 {As I mentioned on my
Leningrad Dutch DVD, when things go wrong for Black in this opening, they can
really spoil your day. Soon there will be only ruins left out of the black
wall.} Nf6 23. Nxd6 Bxd6 24. Rxd6 Qe7 25. Bg3 Be8 26. Rxf6 $5 {Not really
necessary, but strong enough and rather typical for Topalov, who likes playing
with minor pieces against major pieces.} (26. b5 $16 {[%cal Ga3a4]}) 26... Qxf6
27. Ne4 Qg6 $8 (27... Qe7 28. Nd6 {[%cal Gd6c8,Gd6f5]}) 28. Nd6 Ba4 (28... Rd8
29. Nf5+ Qxf5 30. Rxd8 $16) (28... Ra8 29. Bf3 Qc2 $8 30. Bxe5+ Kf8 31. Nf5 $40
) 29. Rd5 Qb1+ {The queen's activity is very sterile, since White dominates
the centre and has no weaknesses.} 30. Kh2 Rf8 31. c5 Bb3 32. Rxe5 {Materially
speaking the position is balanced (two minor pieces and three pawns for the
queen) but the exposure of the black king is decisive.} Qc2 33. Bf3 Rxf3 {
The bishops were getting too strong. However, this return sacrifice does not
save the game.} 34. gxf3 bxc5 35. bxc5 Ba4 36. Nf5+ Kg6 37. c6 h5 38. Nd4 Qc4
39. h4 gxh4 40. Bxh4 a5 41. Re6+ Kf7 42. Re7+ Kg6 43. c7 {[%csl Rg6][%cal
Gf3f7]} 1-0

[Event "Ljubljana"]
[Site "Ljubljana"]
[Date "1997.??.??"]
[Round "7"]
[White "Farago, Ivan"]
[Black "Mencinger, Vojko"]
[Result "0-1"]
[WhiteElo "2470"]
[BlackElo "2395"]
[Annotator "Mencinger,V"]
[PlyCount "134"]
[EventDate "1997.05.20"]
[EventType "tourn"]
[EventRounds "11"]
[EventCountry "SLO"]
[EventCategory "9"]
[SourceTitle "CBM 058 Extra"]
[Source "ChessBase"]
[SourceDate "1997.07.29"]
[SourceVersion "1"]
[SourceVersionDate "1997.07.29"]
[SourceQuality "1"]

1. d4 {Tsesarsky} d5 2. c4 e6 3. Nf3 c6 4. e3 Bd6 5. Bd3 f5 6. O-O Nf6 7. Nc3
O-O 8. b3 Ne4 9. Ne2 Nd7 (9... b6 {Tsesarsky} 10. Bb2 Bb7 11. Rc1 a5 12. Ne5
Qe7 13. f3 Nf6 14. Nc3 Nfd7 15. Na4 Nxe5 16. dxe5 Bc7 17. Qc2 dxc4 18. bxc4 Na6
$11 {1-0 Skomorokhin,R-Guliev,S/Ostrava op 1992 (53)}) 10. Bb2 Qf6 11. Ne1 (11.
Nf4 {Tsesarsky} g5 12. Nh5 Qh6 13. Ne5 Nef6 (13... Nxe5 14. dxe5 Bc7 15. f4 $14
) 14. Nxf6+ Nxf6 15. f3 $14 {Zsinka,L-Tabernig,B/Oberwart op 1996/EXP 53/0-1 
(42)}) (11. Rc1 {Tsesarsky} g5 12. Rc2 g4 13. Bxe4 fxe4 14. Ne1 Bxh2+ 15. Kxh2
g3+ 16. Kxg3 $2 (16. Nxg3 Qh4+ 17. Kg1 Nf6 18. Nf3 (18. f3 Qxg3 19. Rcf2 $16)
18... exf3 19. gxf3 Qh3 (19... Nh5 20. Kg2 $18) 20. Qe2 Rf7 21. Rfc1 Rg7 22.
Qf1 Qh4 23. Qg2 Nh5 24. Qh2 Qg5 25. Kg2 $16) 16... Qg5+ 17. Kh2 Nf6 18. f3 (18.
Nf4 Ng4+ 19. Kg1 Rxf4 20. exf4 Qh4 21. Qxg4+ Qxg4 $17) 18... Ng4+ $17 {0-1
Skomorokhin,R-Purgin,N/RUS-sf Yaroslavl 1995 (40)}) 11... Qh6 12. f4 {'!?'
Tsesarsky.} (12. g3 {Tsesarsky} Ndf6 13. f3 Ng5 (13... Qxe3+ $2 14. Kg2 Nd2 (
14... dxc4 15. bxc4 Nd2 16. Bc1 Nxf1 17. Nc2 $18) 15. Bc1 Nxf1 16. Nc2 $3 $18)
14. Qc1 Nf7 {1/2-1/2 Vladimirov,B-Korsunsky,R/St.Petersburg op 1992/EXT 92op})
12... g5 13. Qc1 (13. Rc1 {Tsesarsky} Rf7 14. a3 Ndf6 15. Rf3 Rg7 16. b4 Bd7
$40 {[%cal Gg8h8,Ga8g8,Yd7e8,Ye8h5]}) 13... Rf7 $1 {Not to allow exchange of
bishops with La3.} 14. Nf3 (14. Ba3 {Tsesarsky} Bc7 15. Nf3 Rg7 16. Bb2 (16.
Qe1 gxf4 17. Nxf4 Bxf4 18. exf4 Qxf4 19. Qe2 $15) 16... Ndf6 17. Ne5 (17. b4
Bd7 18. a4 Kh8 19. Ne5 (19. b5 Rag8 20. Ne5 Be8 $17) 19... Rag8 20. Nxd7 Rxd7
21. b5 Rdg7 22. Bxe4 Nxe4 23. g3 Ba5 $17) 17... Bd7 18. Nxd7 $1 $14) (14. a3 {
Tsesarsky} Rg7 15. Nf3 Ndf6 16. b4 Bd7 17. c5 Bc7 18. a4 Be8 19. Ne5 Bh5 20. b5
Ng4 21. Nxg4 Bxg4 22. Ra3 Kh8 (22... Rf8 23. Rb3) (22... Rb8 23. Rb3) 23. bxc6
bxc6 24. Rb3 Rag8 $17) 14... Ndf6 15. fxg5 (15. Ne5 {Tsesarsky} Rg7 16. Ba3 Bc7
17. Rb1 (17. Qc2 $2 Bxe5 18. fxe5 Ng4 $19) 17... Bd7 (17... Qh5 18. b4 a6 19.
Bb2 $132) 18. Nxd7 Rxd7 19. b4 Rg7 20. b5) 15... Nxg5 16. Nf4 {'?' Tsesarsky.}
(16. Ne5 {Tsesarsky} Rg7 17. Nf4 Bd7 18. Nxd7 (18. Qe1 Kh8 19. Rd1 Rag8 20. Qd2
Nge4 (20... Bxe5 21. dxe5 Ng4 22. g3 Nf7 23. Bd4 $14) 21. Qe2 Be8 $15) 18...
Rxd7 $132) 16... Ng4 {'-/+!' Tsesarsky.} 17. h3 (17. Qd2 {Tsesarsky} Nxf3+ 18.
gxf3 Nxe3 $19) 17... Bxf4 {'!' Tsesarsky.} (17... Nxf3+ $2 {Tsesarsky} 18. Rxf3
e5 19. dxe5 Nxe5 20. Rg3+ $132) 18. exf4 {[#]} Nxh3+ 19. gxh3 Qxh3 20. Qd2 (20.
Rf2 $142 {Tsesarsky} Rg7 21. Rg2 Qxf3 22. Qd2 Bd7 23. Rf1 Qh3 $19) 20... Rg7
21. Ng5 (21. Rae1 {Tsesarsky} Ne5+ 22. Ng5 Nxd3 23. Re3 Qg4+ 24. Kh2 Nxf4 $19)
21... Qg3+ 22. Qg2 Qxg2+ (22... Qe3+ $1 23. Kh1 Qxd3 (23... Rg6 $2 24. Rf3 Rh6+
25. Nh3 Qxf3 26. Qxf3 Rxh3+ 27. Qxh3 $18) 24. Rf3 Ne3 25. Qg3 h6 26. Rxe3 Qc2
27. Bc3 hxg5 28. fxg5 f4 $1 29. Qxf4 e5 30. Qxe5 (30. dxe5 Be6 31. Kg1 Rf8 32.
Qg3 Qf5 $17) 30... Bf5 $1 31. cxd5 Qf2 $1 $19) (22... Qxd3 $2 {Tsesarsky} 23.
Rf3 $16) 23. Kxg2 h6 24. Nh3 {'?' Tsesarsky.} (24. Bc1 dxc4 (24... hxg5 {
Tsesarsky} 25. fxg5 Bd7 $17) 25. Bxc4 Nf6 26. Kf3 hxg5 27. fxg5 Ne4 28. Rg1 $13
) 24... Ne5+ 25. Kh2 Nxd3 26. Bc3 {Is the knight in trap?} e5 {'!?' Tsesarsky.}
(26... dxc4 $1 27. bxc4 b5 28. d5 Rg4 29. dxc6 bxc4 30. Rab1 Ba6 $17) (26... a5
{Tsesarsky} 27. Rf3 Nb4 28. a3 Na6 29. Bxa5 dxc4 (29... Nc5 30. dxc5 Rxa5 31.
b4 Ra8 32. cxd5 cxd5 33. Nf2 $15) 30. bxc4 Nc5 $17) 27. fxe5 (27. cxd5 {
Tsesarsky} e4 $17) (27. dxe5 {Tsesarsky} dxc4 $17) 27... dxc4 28. bxc4 Be6 29.
Rf3 (29. c5 {Tsesarsky} Kh7 $17) 29... Bxc4 30. Rd1 (30. Rxf5 {Tsesarsky} Rf8
31. Rxf8+ Kxf8 $17) 30... Nxe5 {'-+!' Tsesarsky.} 31. dxe5 Be2 32. Rdf1 Bxf1
33. Rxf1 Rd8 $5 34. Nf4 (34. Rxf5 Rd3 35. Bb4 Re3 (35... Rf7 {Tsesarsky} 36.
Rxf7 Kxf7 37. e6+ Ke8 (37... Kf6 38. Nf2 Rd5 39. e7 Kf7 40. Ne4 Re5 41. Nd6+
Kxe7 42. Nc4+ Ke6 43. Nxe5 Kxe5 $17) 38. a3 b6 39. Nf4 Re3 40. Bd6 c5 41. Nd5
Rxe6 42. Nc7+ Kd7 43. Nxe6 Kxd6 $19) 36. Nf4 (36. a3 b6 $17) 36... Rf7 $17)
34... Rg4 35. Rf2 (35. e6 $5 Kf8 36. Bb4+ Ke8 37. a3 b6) 35... b6 36. Ng2 Rd3
37. Bd2 Re4 38. Bf4 Kf7 39. Nh4 (39. Bg3 $1 {Tsesarsky} Ke7 (39... Rxg3 $2 40.
Kxg3 Ke6 41. Nh4 Rxe5 42. Rh2 $1 $132) 40. Rxf5 Rd2 41. Kh3 Rxa2 42. Nf4 Ra3
43. Ng6+ Kd8 44. Rf8+ Kc7 45. Rf7+ Kc8 46. Ne7+ Kb7 47. Rh7 c5 48. Kg2 Re2+ 49.
Kh3 (49. Kf1 Rb2 $19) 49... a5 50. Nf5+ Ka6 51. Kg4 Re4+ 52. Kh5 Rf3 53. Rf7 a4
$19) 39... Ke6 40. Ng6 Ra3 $1 41. Rd2 (41. Bxh6 {Tsesarsky} Rea4 42. Nf4+ Kxe5
43. Bg7+ Ke4 (43... Kd6 44. Bf8+) 44. Ng2 Rxa2 45. Rf4+ Kd3 $19) 41... Kf7 42.
Rg2 Rea4 43. Nh8+ Ke6 44. Rg6+ Kd5 45. Rd6+ Ke4 46. Ng6 Rxa2+ 47. Kh3 R4a3+ 48.
Bg3 (48. Kh4 $2 Rg2) 48... f4 (48... Rf2 $6 49. e6 Rff3 (49... f4 50. Nxf4
Rxg3+ 51. Kxg3 Rf3+ 52. Kg2 Kxf4 53. Rd4+ $1 Ke5 54. e7 Re3 55. e8=Q+ Kxd4 56.
Qxc6) 50. e7 Rxg3+ 51. Kh2 Rh3+ 52. Kg2 Rag3+ 53. Kf2 Rf3+ 54. Kg2 $11) 49.
Nxf4 Kxe5 50. Rxc6 Kf5 51. Ne6 (51. Nh5 {Tsesarsky} Ra1 52. Ng7+ Ke4 53. Re6+
Kd5 54. Re5+ Kc4 $19) 51... Rd3 52. Ng7+ Ke4 53. Re6+ (53. Rxh6 {Tsesarsky}
Raa3 54. Rh4+ Kd5 55. Rh5+ Kc6 56. Rh6+ Kb5 57. Nf5 a5 58. Kg4 Rac3 59. Nd6+
Ka4 $19) 53... Kd5 54. Rxh6 Raa3 55. Nf5 b5 56. Kg4 b4 57. Ne7+ Kc4 58. Be5 b3
59. Rc6+ Kb5 60. Rc7 Ra4+ 61. Kf5 a5 62. Rb7+ (62. Nc8 {Tsesarsky} Rh4 63. Nd6+
Rxd6 (63... Ka4 64. Nc4 $17) 64. Bxd6 b2 (64... a4 65. Ba3 $11) 65. Rb7+ Kc6
66. Rxb2 Kxd6 67. Rb8 a4 68. Ra8 Kc5 69. Ke5 Kb4 70. Rb8+ Kc3 $19 {[%csl Re5]})
62... Ka6 63. Rb8 Rb4 64. Ra8+ Kb5 65. Nc8 (65. Ke6 {Tsesarsky} Re3 66. Nd5 (
66. Kd6 Rxe5 67. Kxe5 b2 $19) 66... b2 $19) 65... Rd2 66. Na7+ Kc5 67. Nc8 Rb5
0-1

[Event "Qatar Masters op"]
[Site "Doha"]
[Date "2014.12.01"]
[Round "6"]
[White "Ivanisevic, Ivan"]
[Black "Mamedyarov, Shakhriyar"]
[Result "1-0"]
[WhiteElo "2643"]
[BlackElo "2757"]
[Annotator "Meulders,R"]
[PlyCount "87"]
[EventDate "2014.11.26"]
[EventType "swiss"]
[EventRounds "9"]
[EventCountry "QAT"]
[SourceTitle "CBM 164"]
[Source "ChessBase"]
[SourceDate "2015.01.15"]
[SourceVersion "1"]
[SourceVersionDate "2015.01.15"]
[SourceQuality "1"]
[WhiteClock "1:30:30"]
[BlackClock "1:30:30"]

1. d4 f5 2. c4 Nf6 3. Nc3 d6 4. Bg5 Nbd7 5. Qc2 g6 6. Nh3 (6. e3 Bg7 7. h4 c6
8. Nh3 Qa5 9. Nf4 Nf8 10. Bxf6 Bxf6 11. d5 e5 12. dxe6 Nxe6 13. Nfe2 Qb4 14.
O-O-O Qxc4 15. Rxd6 Qc5 16. Rd2 Bd7 17. g3 O-O-O 18. Bg2 Be8 19. Rxd8+ Bxd8 20.
Rd1 Bf6 21. Qd2 Rf8 22. Kb1 Rf7 23. Nd4 Qd6 24. Qc2 Nxd4 25. exd4 Kb8 26. d5 c5
27. Ne2 Be5 (27... Re7 28. Nf4 Bd7 29. Ne6 Bxe6 30. dxe6 Bd4 $15) 28. Nc1 Re7
29. Nb3 Ba4 30. Re1 Bd4 31. Rxe7 Qxe7 32. Qd2 Bxb3 33. axb3 a6 34. b4 Ka7 35.
Bf3 Qd6 $15 {Dreev,A (2667)-Bologan,V (2661) Dubai 2014 1/2-1/2}) 6... e5 7.
dxe5 Nxe5 8. Nd5 $146 (8. g3 Bg7 9. Bg2 h6 10. Bxf6 Qxf6 11. O-O c6 12. Nf4 Qf7
13. Rad1 $2 (13. b3 g5 14. Nd3 Be6 $15) 13... g5 14. Nh3 Qxc4 15. Rxd6 O-O $17
16. Kh1 Qb4 17. Qb3+ Qxb3 18. axb3 Nf7 19. Rd3 Be6 $19 {Guerra Bastida,D (2305)
-Ochoa de Echaguen,F (2390) Lleida 1991 0-1 (37)}) 8... Bg7 9. Nhf4 c6 10.
Nxf6+ Bxf6 11. Bxf6 Qxf6 12. e3 g5 13. Nd3 Be6 14. h4 (14. Nxe5 dxe5 15. Rd1
Rd8 16. Be2 Rxd1+ 17. Bxd1 $11) 14... gxh4 (14... Nxc4 15. hxg5 Qe7 16. Nf4 Ne5
17. Nxe6 Qxe6 18. Rh6 Ng6 19. Bd3 $18) 15. Nxe5 dxe5 16. O-O-O O-O 17. Qc3 Kg7
18. f4 exf4 19. exf4 Qxc3+ 20. bxc3 Rad8 $11 21. Rxh4 Rxd1+ 22. Kxd1 Rd8+ 23.
Kc2 c5 24. Bd3 Rg8 (24... h6 25. Rh5 Rf8 26. g3 b6 $11) 25. Rh5 (25. g4 fxg4
26. Rxh7+ Kf6 27. Rxb7 g3 28. Rb1 g2 29. Rg1 Bf5 $19) (25. g3 h6 26. a4 b6 27.
Rh5 Re8 28. Kd2 Rf8 29. Kc2 Bd7 30. Kb3 Rf6 31. Bc2 $19) 25... Kf6 26. Rh6+ Rg6
27. Rxg6+ hxg6 $15 28. Kd2 {Black has an infinitesimal advantage but the
outcome should be a draw. For Black to even lose this position, however, takes
quite some doing.} Ke7 29. Ke3 Kd6 30. Kf3 Bd7 31. Kg3 Bc6 32. Bf1 Be4 33. Kh4
Bb1 (33... Ke7 34. Kg5 Kf7) 34. a3 Kc6 $2 (34... Ke6 35. Kg5 Kf7 36. Be2 Be4
37. g4 fxg4 38. Bxg4 Bd3 39. Bf3 b6 40. Bd5+ Ke7 41. Bf3 Bf5 $15) 35. Kg5 $16
Kb6 36. Kxg6 Ka5 37. g3 $1 (37. g4 $2 fxg4+ 38. f5 g3 39. Kg5 Bxf5 40. Kxf5 Ka4
41. Kg4 Kxa3 42. Kxg3 Kb3 $19) 37... Ka4 38. Bh3 Bd3 $4 ({After} 38... Kxa3 {
Black 'merely' has a bad queen ending:} 39. Bxf5 Bxf5+ 40. Kxf5 a5 41. Ke6 a4
42. f5 Kb2 43. f6 a3 44. f7 a2 45. f8=Q a1=Q 46. Qxc5 Qh1 47. Qb4+ Kc2 48. Kd7
$16 {But after the disastrous 38...Bd3?? he loses on the spot.}) 39. Bxf5 $18
Bxc4 40. Bd7+ Kxa3 41. f5 b5 42. f6 b4 43. cxb4 Kxb4 (43... cxb4 44. g4 b3 45.
f7 Bxf7+ 46. Kxf7 a5 47. g5 $18) 44. g4 $1 {This "little" accuracy wins a
tempo and ensures the win.} (44. f7 $4 Bxf7+ 45. Kxf7 a5 46. g4 a4 47. Bxa4
Kxa4 48. g5 c4 49. g6 c3 50. g7 c2 51. g8=Q c1=Q $11) (44. g4 a5 45. g5 a4 46.
Bxa4 Kxa4 47. Kh7 Be6 48. g6 c4 49. f7 Bxf7 50. gxf7 c3 51. f8=Q c2 52. Qf1 Kb3
53. Qc1) 1-0

[Event "FRA-ch Accession"]
[Site "Agen"]
[Date "2016.08.19"]
[Round "7"]
[White "Chabanon, Jean Luc"]
[Black "Lagarde, Maxime"]
[Result "1-0"]
[WhiteElo "2458"]
[BlackElo "2572"]
[Annotator "Meulders,R"]
[PlyCount "73"]
[EventDate "2016.08.13"]
[EventType "swiss"]
[EventRounds "9"]
[EventCountry "FRA"]
[SourceTitle "EXT 2017"]
[Source "ChessBase"]
[SourceDate "2016.10.25"]
[SourceVersion "1"]
[SourceVersionDate "2016.10.25"]
[SourceQuality "1"]
[TimeControl "40/5400+30:1800+30"]

1. d4 {[%emt 0:00:30]} f5 {[%emt 0:02:30]} 2. c4 {[%emt 0:00:00]} Nf6 {[%emt 0:
00:30]} 3. Nc3 {[%emt 0:00:00]} d6 {[%emt 0:00:00]} 4. Bg5 {[%emt 0:00:30]}
Nbd7 {[%emt 0:00:00]} 5. Qc2 {[%emt 0:00:30]} g6 {[%emt 0:01:30]} 6. h4 $1 {
[%emt 0:02:30]} h6 {[%emt 0:00:30]} (6... Bg7 7. O-O-O c6 8. Nh3 Nf8 9. e3 Qa5
10. Kb1 Ne6 11. Be2 Bd7 12. Bxf6 Bxf6 13. g4 O-O-O 14. gxf5 gxf5 15. Bd3 Kb8
16. Ne2 Bxh4 17. Bxf5 Bf6 18. e4 c5 19. d5 Nc7 20. Bxd7 Rxd7 21. f4 Rhd8 22.
Nf2 b5 23. Ng4 Bh8 24. Rxh7 Qb4 25. Ne3 a6 26. a3 Qa5 27. Nf5 Re8 28. e5 bxc4
29. Rdh1 Nb5 30. a4 {1-0 (30) Nakamura,H (2787)-Anton Guijarro,D (2639)
Gibraltar 2016}) 7. Bd2 {[%emt 0:05:30]} e5 {[%emt 0:06:30]} 8. e3 {[%emt 0:00:
00]} Bg7 {[%emt 0:07:30]} (8... h5 $2 {Ipatov,A (2630)-Gallagher,J (2504)
EU-chT (Men) 19th 2013 (5.12) 1-0}) 9. h5 {[%emt 0:17:00]} Nf8 $146 {[%emt 0:
01:30]} (9... Nxh5 10. g4 Nhf6 11. gxf5 g5 12. O-O-O c6 13. dxe5 Nxe5 14. f4
gxf4 15. e4 f3 16. Bf4 Nfg4 17. Bh3 Qh4 18. Bxg4 Qxg4 19. Nh3 Qg2 20. Nf2 Bf6
21. Rhg1 {1-0 (21) Stocek,J (2529)-Wall,G (2323) Bunratty 2014}) (9... g5 10.
Qxf5 O-O 11. O-O-O exd4 12. exd4 c5 13. Be3 Ne5 14. Qc2 Neg4 15. dxc5 Nxe3 16.
fxe3 Ng4 17. Rh3 Qe8 $13 {with more than enough compensation for Black.}) 10.
hxg6 {[%emt 0:00:30]} Nxg6 {[%emt 0:00:00]} 11. O-O-O {[%emt 0:01:30]} c6 {
[%emt 0:11:00]} 12. dxe5 {[%emt 0:02:30]} dxe5 {[%emt 0:10:30]} 13. e4 {
[%emt 0:01:30]} f4 {[%emt 0:02:30]} 14. Bxf4 {[%emt 0:02:30]} Qe7 {[%emt 0:01:
30]} 15. Bd2 {[%emt 0:02:30]} Be6 {[%emt 0:01:30]} 16. Nge2 {[%emt 0:05:30]}
Ng4 {[%emt 0:02:30]} 17. Be1 {[%emt 0:01:30]} Qg5+ {[%emt 0:07:30]} 18. Kb1 {
[%emt 0:00:30]} O-O {[%emt 0:08:30]} 19. Ng3 {[%emt 0:01:30]} Nf4 {[%emt 0:00:
30]} 20. Rd6 {[%emt 0:13:30]} Rf7 {[%emt 0:09:30]} 21. c5 {[%emt 0:04:30]} Kh8
{[%emt 0:10:38]} 22. Nh5 {[%emt 0:18:09]} Nxh5 {[%emt 0:06:29]} 23. Rxe6 {
[%emt 0:00:08]} Nf4 {[%emt 0:02:20]} 24. Rd6 {[%emt 0:01:08]} Bf8 {[%emt 0:00:
25]} 25. g3 {[%emt 0:06:31]} Bxd6 {[%emt 0:00:21]} 26. gxf4 {[%emt 0:00:09]}
Rxf4 {[%emt 0:01:31]} 27. cxd6 {[%emt 0:00:10]} Qf6 {[%emt 0:00:08]} 28. Ne2 {
[%emt 0:06:12]} Nxf2 {[%emt 0:02:11]} 29. Rxh6+ {[%emt 0:03:22]} Qxh6 {[%emt 0:
00:06]} 30. Nxf4 {[%emt 0:00:00]} Qxf4 {[%emt 0:01:56]} 31. Qxf2 {[%emt 0:00:
57]} Qxe4+ {[%emt 0:00:41]} 32. Kc1 {[%emt 0:00:10]} Kg7 {[%emt 0:01:35]} 33.
Qg3+ {[%emt 0:01:09]} Kf7 {[%emt 0:01:14]} 34. Bd3 {[%emt 0:00:17]} Qf4+ {
[%emt 0:00:30]} 35. Qxf4+ {[%emt 0:00:05]} exf4 {[%emt 0:00:00]} 36. Bf5 {
[%emt 0:01:25]} f3 {[%emt 0:00:46]} 37. Bh4 {[%emt 0:02:24]} 1-0